De Gaulle secret /

Bibliographic Details
Main Author: Broche, François
Format: Book
Language:French
Published: Paris : Pygmalion / Gérard Watelet, [1993]
Subjects:

MARC

Tag First Indicator Second Indicator Subfields
LEADER 00000cam a22000005a 4500
001 in00001113613
005 20150930062521.0
008 930330s1993 fr 001 0 fre d
020 |a 2857043856 :  |c 89 FF 
035 |a (OCoLC)27825761 
035 |9 AFV5919AM 
040 |a FPU  |b fre  |c FPU  |d UtOrBLW 
041 0 |a fre 
043 |a e-fr--- 
049 |a TXAM 
090 |a DC420  |b .B76 1993 
092 |a 920.71  |f BRO 
100 1 |a Broche, François. 
245 1 0 |a De Gaulle secret /  |c François Broche. 
264 1 |a Paris :  |b Pygmalion / Gérard Watelet,  |c [1993] 
264 4 |c ©1993 
300 |a 240 pages ;  |c 22 cm. 
336 |a text  |b txt  |2 rdacontent 
337 |a unmediated  |b n  |2 rdamedia 
338 |a volume  |b nc  |2 rdacarrier 
504 |a Includes bibliographical referencs (pages 205-232) and index. 
600 1 7 |a Gaulle, Charles de (1890-1970)  |2 ram 
650 0 |a Heads of state  |z France  |v Biography. 
999 |a MARS 
999 f f |s 6b90d5e5-1245-32be-9920-bb240f8dc7a0  |i db1360c2-0616-39ad-9dc3-65c5b27212df  |t 0 
952 f f |p ric  |a Texas A&M University  |b Rellis Campus  |c Joint Library Facility  |d Remote Storage  |t 0  |e DC420 .B76 1993  |h Library of Congress classification  |i unmediated -- volume  |m A14817591360 
998 f f |a DC420 .B76 1993  |t 0  |l Remote Storage